000 00576nam a2200193Ia 4500
005 20260429112209.0
008 260429s9999||||xx |||||||||||||| ||und||
020 _a9789355275547
041 _aEnglish
082 _a954.82
_bMAC
100 _aMaclean, C. D.
245 0 _aStanding information regarding the official administration of the madras presidency /
_cC. D. Maclean
250 _a1st ed.
260 _aChennai :
_bMaven Books,
_c2023.
300 _axx, 449 p.; hb
650 _a Colonial governance
650 _aMadras Presidency-Administration
942 _cTB
999 _c52842
_d52842